Statistics for What makes up the Earth

Click here to take the quiz!

General Stats

  • This quiz has been taken 41 times
  • The average score is 16 of 36

Answer Stats

Answer% Correct
Nitrogen
97%
Oxygen
97%
Carbon
95%
Hydrogen
86%
Iron
81%
Sodium
78%
Helium
73%
Magnesium
73%
Potassium
70%
Argon
65%
Calcium
65%
Aluminium
62%
Carbon dioxide
59%
Chlorine
59%
Water
59%
Neon
51%
Silicon
51%
Sulfur
51%
Phosphorus
46%
Nickel
32%
Titanium
32%
Bromine
30%
Ozone
30%
Silicon dioxide
30%
Chromium
22%
Calcium oxide
16%
Methane
16%
Nitrous oxide
16%
Aluminium oxide
14%
Ferrous oxide
14%
Magnesium oxide
14%
Ferric oxide
11%
Sodium oxide
11%
Titanium dioxide
5%
Chromic oxide
3%
Manganese dioxide
3%

Score Distribution

Percentile by Number Answered

Percent of People with Each Score

Your Score History

You have not taken this quiz